000 03731nam0a2200517 4500
001 RU\NLR\BIBL_A\011945006
005 20250809113136.0
020 _aRU
_9Ленинград в Великой Отечественной войне. Коллекция. Афиши
035 _a(NLR Aleph) 011945006
090 _a65477
_c65477
100 _a20190222d1944 u y0rusy50 ca
101 0 _arus
102 _aRU
105 _ay z 000zy
135 _acrcn 024anaba
200 1 _aКонцерт Ленинградского Государственного Ордена Трудового Красного Знамени Хореографического училища, июнь 1944 г., 25, Воскресенье (утро)
_e[афиша]
_fУправление по делам искусств Исполкома Ленгорсовета, Театральный зал Малого оперного театра
210 _a[Ленинград]
_cЛТ УН-9
_d1944
215 _a1 л.
_d54х70
300 _aНачало в 1 час дня. Билеты продаются в кассе театра "Комедия" с 12 до 20 час. вечера
300 _aЗак. 1568
325 _aКопия доступна в Электрон. б-ке РНБ
327 _aI отделение: 1. Вальс, музыка Годара; 2. Яблочко; 3. Саботьер, музыка Гертеля [и др.] - постановка засл. арт. Г.И. Большаковой [и др.]. II отделение: 1. Полька-соревнование, муз. Штрауса - пос. тан. педагога Н.А. Камковой; 2. Адажио, муз. Дриго; 3. Испанский танец, муз. Чайковского [и др.]. Постан. балетм. Леонида Якобсона [и др.]. Участвуют ученики Ленинградского Хореографического училища
601 0 2 _aЛенинградский малый театр оперы и балета
_jАфиши
_2nlr_sh2
_3RU\NLR\AUTH\6601562854
606 1 _aТеатральная жизнь
_yЛенинград, город
_z1941 - 1944
_jАфиши
_2nlr_sh2
_3RU\NLR\AUTH\6601649837
686 _aЩ333(2Р=Рус)7- 692Ленинград
686 1 _aЩ335.413(2Р=Рус)7-692Ленинград8Малый театр оперы и балета
710 0 2 _aЛенинградское хореографическое училище
_3RU\NLR\AUTH\880626592
712 0 2 _aЛенинградское городское управление по делам искусств
_3RU\NLR\AUTH\889975365
_4570
712 0 2 _aЛенинградский малый театр оперы и балета
_3RU\NLR\AUTH\889923401
_4570
852 _aNLR
_jЛ3-330а/13/3/1944-июнь а
856 0 _uhttp://vivaldi.nlr.ru/la700000182/view
856 1 _uhttp://vivaldi.nlr.ru/la700000182/cover
856 2 _uhttp://vivaldi.nlr.ru/la700000182/text
942 _cVISUAL
945 _aРоссийская национальная библиотека
980 _aNB
980 _aBV
980 3 _akplen
980 3 _akp
981 3 7 _a(37) Ленинград в Великой Отечественной войне
_b(37) Афиши блокадного Ленинграда